| 000 | 02516nam a22004097a 4500 | ||
|---|---|---|---|
| 999 |
_c5205 _d5205 |
||
| 003 | OSt | ||
| 005 | 20260413125322.0 | ||
| 008 | 240305b ||||| |||| 00| 0 spa d | ||
| 020 | _a9789873048456 | ||
| 040 | _cPJ-TDF | ||
| 245 | 1 | 0 |
_aRevista de Derecho de Daños : _bdaños indemnizables / _cJorge Mosset Iturraspe ; Ricardo Luis Lorenzetti directores. |
| 260 |
_aBuenos Aires : _bRubinzal - Culzoni, _c2023. |
||
| 300 |
_a821 p. _c22 cm. |
||
| 310 | _acuatrimestral | ||
| 362 | _aNo. 3 (2023) | ||
| 505 |
_tDerechos de incidencia colectiva : de la teoría a la práctica /
_rAndrés Gil Domínguez. |
||
| 505 |
_tLa legitimación activa en los procesos colectivos - precisiones y estado actual en argentina /
_rAbraham Luis Vargas. |
||
| 505 |
_tLa prueba en los procesos colectivos /
_rHéctor Eduardo Leguisamón. |
||
| 505 |
_tSentencia colectiva - el desafío de trabajar sin un sistema /
_rJosé María Salgado. |
||
| 505 |
_tReglamento de actuación en procesos colectivos de la Corte Suprema de Justicia de la Nación / _rMaría del Carmen Romero Acuña. |
||
| 505 |
_tEl rol del Ministerio Público Fiscal en el marco de las acciones colectivas de consumo / _rSantiago Soria. _rMarcos Palma. |
||
| 505 |
_tAcciones colectivas con relación a servicios públicos y políticas públicas /
_rSilvia B. Palacio de Caeiro. |
||
| 505 |
_tAcciones colectivas de seguros: un breve repaso de la realidad actual / _rPablo S. Cereijido. _rAndrea I. Zaniratto. |
||
| 505 |
_tCostas y honorarios en las acciones colectivas /
_rLucas O. Abal. |
||
| 505 |
_tAcciones colectivas relativas a los derechos de niños, niñas y adolescentes. Experiencia jurisprudencial /
_rAída Kemelmajer. |
||
| 505 |
_tVulnerabilidad. Personas internadas por salud mental. De los procesos colectivos y la constante búsqueda de efectividad de los derechos /
_rGuillermina Leontina Sosa. |
||
| 505 |
_tDerecho a la salud y acciones colectivas /
_rPablo Luis Manili. |
||
| 505 |
_tLas acciones colectivas como instrumento en la lucha contra prácticas o cláusulas abusivas /
_rMaría Fabiana Compiani. |
||
| 505 |
_tDefensa colectiva de la libre competencia /
_rJosé H. Sahián. |
||
| 505 |
_tAcciones colectivas en relación con los negocios bancarios /
_rMaría Teresa Gianelli. |
||
| 650 | 0 |
_93331 _aDAÑO |
|
| 650 | 0 |
_91382 _aINDEMNIZACION |
|
| 700 |
_9528 _aMosset Iturraspe, Jorge _edirector |
||
| 700 |
_aLorenzetti, Ricardo Luis _edirector _9529 |
||
| 942 |
_2udc _cPP |
||